000 00420nam a2200157Ia 4500
003 GCL
008 140319s9999 xx 000 0 ara d
040 _aGCL /
_cGCL
082 0 4 _a928
_bم ن
100 1 _aمحمد صادق عنبر
245 1 0 _aنقيب الادباء : ومنشىء الجيل /
_cمحمد صادق عنبر
300 _a95 ص
490 _a
650 0 4 _aكامل كيلانى
942 _2ddc
_cBK
999 _c45447
_d45447